000 00797nam a22001697a 4500
003 OSt
005 20250711152544.0
008 240715b |||||||| |||| 00| 0 eng d
041 _aEnglish
082 _aClass No. PM/GRIDCo/16 Acc No. 9019
110 _aGhana Grid Company Ltd. (GRIDCo)
245 _aContract between Ghana Grid Company Limited (GRIDCo) the Republic of Ghana and the Consortium of Mitsubishi Corporation, Htachi Plant Construction, Ltd. and YURTEC Corporation, Japan for the project for Reinforcement of Power supply to Accra Central
260 _aAccra:
_bRepublic of Ghana,
_c2016
300 _a16p.;
653 _a1. Reinforcement of power supply to Accra Central 2. Consortium of Mitsubishi Corporation 3. GRIDCo 4. YURTEC Corporation, Japan
942 _2ddc
_cAG
_n0
999 _c4158
_d4158